000 00710nam a2200205Ii 4500
003 JO-AjNU
008 230605s9999||||xx |||||||||||||| ||und||
017 _a2006/4736
040 _aJO-AjNU
_bara
_erda
_cJO-AjNU
041 _aara
050 1 4 _aBP3272.A3242 2006
100 3 _aعفانه، حسام الدين بن موسى,
_eauthor
_930578
245 0 0 _aفقه التاجر المسلم وآدابه
264 3 1 _aالخليل: مكتبة دنديس، 2006
300 _a254ص
336 _atext
_btxt
_2rdacontent
337 _aunmediated
_bn
_2rdamedia
338 _avolume
_bnc
_2rdacarrier
650 4 _aالبيع- التجارة- الاخلاق التجارية- الفقه الاسلامي
_930579
999 _aA12138
_c15706
_d15706